[Event "Torquay Bloodworth op"]
[Site "Torquay"]
[Date "2019.09.02"]
[Round "2"]
[White "Sandercock, E Barry"]
[Black "Gunn, Michael J"]
[Result "1/2-1/2"]
[WhiteElo "1650"]
[BlackElo "1592"]
[PlyCount "76"]
[EventDate "2019.09.01"]
[EventType "swiss"]
[EventRounds "7"]
[EventCountry "ENG"]
[SourceTitle "CBM 192 Extra"]
[Source "Chessbase"]
[SourceDate "2019.11.06"]
[SourceVersion "1"]
[SourceVersionDate "2019.11.06"]
[SourceQuality "1"]

1. e4 e6 2. d3 c5 3. Nd2 Nc6 4. Ngf3 g6 5. g3 Bg7 6. Bg2 Nge7 7. 0-0 0-0 8. c3 e5 9. Qe2 d6 10. Nb3 h6 11. Be3 f5 12. Ne1 f4 13. Bd2 Be6 14. h3 Qd7 15. Kh2 Rf7 16. g4 Raf8 17. f3 g5 18. Rd1 b6 19. Rh1 Ng6 20. Kg1 Nh4 21. Bf1 Ne7 22. Ng2 Neg6 23. Be1 Nxg2 24. Bxg2 Bf6 25. Bf2 Qa4 26. Nc1 Bxa2 27. Kh2 Be6 28. c4 Rh7 29. b3 Qd7 30. Kg1 h5 31. Qa2 hxg4 32. fxg4 Nh4 33. Bxh4 Rxh4 34. Rf1 Rf7 35. Rf3 a5 36. Ne2 Rfh7 37. Nc3 Bd8 38. Qa4 Qxa4 1/2-1/2

[Event "Basingstoke Spring Bank op U1825 2nd"]
[Site "Basingstoke"]
[Date "2019.05.25"]
[Round "3.16"]
[White "Sandercock, E Barry"]
[Black "Chadwick, Susan E"]
[Result "1-0"]
[WhiteElo "1650"]
[BlackElo "1512"]
[PlyCount "137"]
[EventDate "2019.05.24"]
[EventType "swiss"]
[EventRounds "7"]
[EventCountry "ENG"]
[SourceTitle "EXT 2023"]
[Source "ChessBase"]
[SourceDate "2022.10.05"]
[SourceVersion "1"]
[SourceVersionDate "2022.10.05"]
[SourceQuality "1"]

1. Nf3 Nf6 2. d3 d5 3. Nbd2 c5 4. g3 g6 5. Bg2 Bg7 6. e4 d4 7. 0-0 Nc6 8. Re1 0-0 9. h3 e5 10. Nc4 Re8 11. a4 Bd7 12. Bd2 Be6 13. Ncxe5 Nxe5 14. Nxe5 Qc8 15. Kh2 Qd8 16. Nf3 Bc8 17. Qc1 Nd7 18. Bh6 Bh8 19. h4 Nf6 20. Bg5 Ng4+ 21. Kg1 Qd6 22. Bf4 Qf8 23. Nh2 Nf6 24. Bh6 Qe7 25. Bg5 Qe6 26. f4 Ng4 27. f5 gxf5 28. exf5 Qxe1+ 29. Qxe1 Rxe1+ 30. Rxe1 Ne3 31. Bxe3 dxe3 32. Nf3 Bxf5 33. Rxe3 Be6 34. b3 Kf8 35. Kf1 Re8 36. Ng5 Bf5 37. Rxe8+ Kxe8 38. Bxb7 h6 39. Nf3 Bf6 40. Ke2 Bg4 41. Ke3 Bc3 42. Kf4 Be6 43. Ba6 Kd7 44. g4 Ba5 45. g5 Bc7+ 46. Ke3 hxg5 47. Nxg5 Ke7 48. Nxe6 fxe6 49. Bb7 Kf6 50. Be4 Be5 51. Kf3 Kg7 52. Kg4 Kh6 53. h5 a5 54. Bg6 Bf6 55. Bf7 e5 56. Kf5 Bg7 57. Ke6 Kg5 58. Kd5 Kf6 59. Bg6 Bf8 60. Kc6 Ke6 61. Kb5 Kd5 62. c3 Bh6 63. c4+ Kd4 64. Kxa5 Bd2+ 65. Kb5 Kc3 66. a5 Kxb3 67. a6 Ka3 68. a7 Bg5 69. a8Q+ 1-0

[Event "Torquay Paignton Bloodworth op"]
[Site "Torquay"]
[Date "2018.09.08"]
[Round "7"]
[White "Sandercock, E Barry"]
[Black "Crouch, Timothy J"]
[Result "1-0"]
[WhiteElo "133"]
[BlackElo "123"]
[PlyCount "75"]
[EventDate "2018.09.02"]
[EventType "swiss"]
[EventRounds "7"]
[EventCountry "ENG"]
[SourceTitle "CBM 187 Extra"]
[Source "ChessBase"]
[SourceDate "2018.11.04"]
[SourceVersion "1"]
[SourceVersionDate "2018.11.04"]
[SourceQuality "1"]

1. Nf3 d5 2. d3 Bf5 3. Nbd2 Nf6 4. g3 Nbd7 5. Nh4 Bg4 6. h3 Bh5 7. g4 Bg6 8. Bg2 c6 9. e4 dxe4 10. dxe4 Bxe4 11. Nxe4 Qa5+ 12. Nc3 0-0-0 13. Bd2 Qa6 14. Qe2 Qb6 15. Na4 Qd4 16. Nc3 Nb6 17. Nf5 Qb4 18. 0-0 Qc5 19. Be3 Qa5 20. Rfd1 Nbd5 21. Nxd5 Nxd5 22. Bd2 Qc7 23. c4 Nf6 24. Bb4 Re8 25. g5 Nd7 26. Nd6+ Kd8 27. Nxe8 Kxe8 28. Bd6 Qc8 29. Re1 e6 30. Rad1 Be7 31. f4 g6 32. Bxe7 Kxe7 33. b4 a6 34. c5 Qc7 35. Rd6 Re8 36. Red1 Nf8 37. Qe5 Qb8 38. Qf6# 1-0

[Event "Torquay Paignton Bloodworth op"]
[Site "Torquay"]
[Date "2018.09.07"]
[Round "6"]
[White "Smith, David"]
[Black "Sandercock, E Barry"]
[Result "1-0"]
[WhiteElo "131"]
[BlackElo "133"]
[PlyCount "101"]
[EventDate "2018.09.02"]
[EventType "swiss"]
[EventRounds "7"]
[EventCountry "ENG"]
[SourceTitle "CBM 187 Extra"]
[Source "ChessBase"]
[SourceDate "2018.11.04"]
[SourceVersion "1"]
[SourceVersionDate "2018.11.04"]
[SourceQuality "1"]

1. e4 d5 2. exd5 Nf6 3. d4 Nxd5 4. c3 c6 5. Nf3 Bf5 6. Bd3 Bg6 7. 0-0 e6 8. Ne5 Bd6 9. f4 Nd7 10. f5 exf5 11. Bxf5 Nxe5 12. dxe5 Bc5+ 13. Kh1 Ne3 14. Qxd8+ Rxd8 15. Bxe3 Bxe3 16. Bxg6 hxg6 17. Na3 Bc5 18. Nc4 Rh5 19. Rae1 Ke7 20. Nd6 Bxd6 21. exd6+ Kf8 22. Re7 Rxd6 23. Rexf7+ Kg8 24. Rxb7 Ra5 25. h3 Rxa2 26. Rff7 Rf6 27. Rxg7+ Kh8 28. Rge7 Kg8 29. Rg7+ Kh8 30. Rh7+ Kg8 31. Rbg7+ Kf8 32. Rxa7 Rxa7 33. Rxa7 c5 34. Rc7 Rf5 35. Kg1 Rd5 36. Rb7 Rd2 37. Rb5 c4 38. Rc5 Rxb2 39. Rxc4 Rc2 40. Rc7 Kg8 41. g4 Kf8 42. c4 Kg8 43. h4 Kh8 44. h5 gxh5 45. gxh5 Kg8 46. c5 Kh8 47. c6 Kg8 48. h6 Kh8 49. Kf1 Rh2 50. Rd7 Rc2 51. c7 1-0

[Event "Torquay Paignton Bloodworth op"]
[Site "Torquay"]
[Date "2018.09.02"]
[Round "1"]
[White "Stone, Mark R"]
[Black "Sandercock, E Barry"]
[Result "0-1"]
[WhiteElo "120"]
[BlackElo "133"]
[PlyCount "94"]
[EventDate "2018.09.02"]
[EventType "swiss"]
[EventRounds "7"]
[EventCountry "ENG"]
[SourceTitle "CBM 187 Extra"]
[Source "ChessBase"]
[SourceDate "2018.11.04"]
[SourceVersion "1"]
[SourceVersionDate "2018.11.04"]
[SourceQuality "1"]

1. e4 d5 2. exd5 Nf6 3. d4 Nxd5 4. c4 Nb6 5. Nf3 Bf5 6. Nc3 Nc6 7. a3 a5 8. Bf4 e6 9. Be2 Be7 10. 0-0 0-0 11. Qd2 a4 12. Rad1 Na5 13. c5 Nbc4 14. Bxc4 Nxc4 15. Qe2 b5 16. cxb6 Nxb6 17. Ne4 Nd5 18. Bg3 Rb8 19. Nc5 Bxc5 20. dxc5 Bg4 21. Be5 Rb3 22. Qe4 Bxf3 23. gxf3 Qe7 24. Qg4 f6 25. Bg3 Rxb2 26. Qxa4 Qxc5 27. Rc1 Nc3 28. Rxc3 Qxc3 29. Qd7 Qxa3 30. Qxe6+ Kh8 31. Bxc7 Qxf3 32. Bg3 Qe2 33. Qd7 Rd2 34. Qa4 Rfd8 35. Kg2 Rd1 36. Rxd1 Qxd1 37. Qc6 Qd5+ 38. Qxd5 Rxd5 39. h4 Kg8 40. f4 Kf7 41. Kh3 h5 42. Kg2 Kg6 43. Be1 Kf5 44. Bg3 Kg4 45. Kf2 Rd2+ 46. Ke3 Kxg3 47. Kxd2 Kxf4 0-1

[Event "Basingstoke Spring Bank op U1825"]
[Site "Basingstoke"]
[Date "2018.05.26"]
[Round "2.14"]
[White "Buanne, Luca"]
[Black "Sandercock, E Barry"]
[Result "1-0"]
[WhiteElo "1422"]
[BlackElo "1679"]
[PlyCount "101"]
[EventDate "2018.05.25"]
[EventType "swiss"]
[EventRounds "7"]
[EventCountry "ENG"]
[SourceTitle "EXT 2023"]
[Source "ChessBase"]
[SourceDate "2022.10.05"]
[SourceVersion "1"]
[SourceVersionDate "2022.10.05"]
[SourceQuality "1"]

1. e4 d5 2. exd5 Qxd5 3. Nc3 Qa5 4. d4 c6 5. Nf3 e6 6. Bf4 Nf6 7. Bd2 Qc7 8. Bd3 Bd6 9. Qe2 0-0 10. h3 Nbd7 11. g4 Re8 12. g5 Nd5 13. Nxd5 cxd5 14. 0-0-0 Bf4 15. Kb1 Bxd2 16. Qxd2 b5 17. h4 e5 18. Bxb5 e4 19. Ne5 Rb8 20. Bxd7 Bxd7 21. Nxd7 Qxd7 22. h5 Qb7 23. Qc1 e3 24. fxe3 Rxe3 25. b3 Rbe8 26. Rhe1 R3e4 27. h6 g6 28. Rxe4 dxe4 29. Qf4 Qe7 30. Qe5 Qxe5 31. dxe5 Kf8 32. Rd5 Re6 33. Kc1 Ra6 34. a4 Ke7 35. Rd4 e3 36. Re4 Ke6 37. Rxe3 Ra5 38. c4 Rxe5 39. Rxe5+ Kxe5 40. c5 a5 41. b4 axb4 42. a5 Kd5 43. a6 Kc6 44. Kb2 Kc7 45. Kb3 Kc6 46. Kxb4 Kc7 47. Kb5 Kb8 48. c6 Ka8 49. c7 f5 50. Kb6 f4 51. c8R# 1-0

[Event "Guernsey Holiday op 42nd"]
[Site "Guernsey"]
[Date "2016.10.20"]
[Round "5"]
[White "Sandercock, E Barry"]
[Black "Kerr, Matthew"]
[Result "1-0"]
[WhiteElo "1701"]
[BlackElo "1400"]
[PlyCount "65"]
[EventDate "2016.10.16"]
[EventType "swiss"]
[EventRounds "7"]
[EventCountry "GCI"]
[SourceTitle "EXT 2022"]
[Source "ChessBase"]
[SourceDate "2021.10.06"]
[SourceVersion "1"]
[SourceVersionDate "2021.10.06"]
[SourceQuality "1"]

1. Nf3 c5 2. d3 Nc6 3. e4 g6 4. Nbd2 Bg7 5. c3 d6 6. g3 e5 7. Bg2 Nge7 8. 0-0 0-0 9. a4 a5 10. Qe2 Bh6 11. Nc4 Bg7 12. Be3 b6 13. Qd2 Ba6 14. Bh6 f5 15. Bxg7 Kxg7 16. Rad1 h6 17. b3 Rf7 18. Ne1 f4 19. f3 Qf8 20. Nxd6 Rf6 21. Nc4 g5 22. Nc2 fxg3 23. hxg3 Qf7 24. d4 exd4 25. cxd4 cxd4 26. Nxd4 Qh5 27. e5 Rff8 28. Nxc6 Nxc6 29. Qd6 Bb7 30. e6 Qe8 31. Qd7+ Qe7 32. Qxe7+ Nxe7 33. Rd7 1-0

[Event "BCF-ch 103rd Seniors 65 U150/1750"]
[Site "Bournemouth"]
[Date "2016.08.04"]
[Round "4"]
[White "Sandercock, E Barry"]
[Black "Pride, Stephen C"]
[Result "0-1"]
[WhiteElo "1721"]
[BlackElo "1646"]
[PlyCount "118"]
[EventDate "2016.08.01"]
[EventType "swiss"]
[EventRounds "5"]
[EventCountry "ENG"]
[SourceTitle "EXT 2019"]
[Source "ChessBase"]
[SourceDate "2018.10.10"]
[SourceVersion "1"]
[SourceVersionDate "2018.10.10"]
[SourceQuality "1"]

1. Nf3 d6 2. d3 Nf6 3. Nbd2 e5 4. e4 Nc6 5. g3 Be7 6. Bg2 h6 7. 0-0 Be6 8. h3 Qd7 9. Kh2 0-0-0 10. c3 d5 11. b4 a6 12. a4 dxe4 13. b5 exf3 14. bxc6 Qxd3 15. cxb7+ Kb8 16. Bxf3 Qxc3 17. Qe2 Qd3 18. Qxe5 Bb4 19. Be2 Qc3 20. Qf4 g5 21. Qe3 Qxa1 22. Bxa6 Qd4 23. Qxd4 Rxd4 24. Nf3 Rd6 25. Bb5 Rhd8 26. Ne5 Kxb7 27. Be2 Bd5 28. Be3 c5 29. Rb1 Kc7 30. Rc1 Ne4 31. f4 Nc3 32. Bh5 Nxa4 33. Bxf7 gxf4 34. Bxf4 Rf6 35. Bxd5 Rxd5 36. Ng4+ Rxf4 37. gxf4 h5 38. Ne5 Bd2 39. Rf1 Bxf4+ 40. Rxf4 Rxe5 41. Rxa4 Kb6 42. Kg2 Kb5 43. Ra8 Kb4 44. Rb8+ Kc3 45. Kf3 c4 46. Rd8 Kc2 47. Kf4 Rb5 48. Ke4 c3 49. Rc8 Kb2 50. Kd3 Rd5+ 51. Kc4 Rd1 52. Rb8+ Kc2 53. Rb5 h4 54. Rh5 Ra1 55. Kb4 Kb2 56. Kb5 c2 57. Rxh4 c1Q 58. Rb4+ Kc3 59. Rc4+ Kd3 0-1

[Event "Crawley e2e4 Gatwick op U1850"]
[Site "Crawley"]
[Date "2016.05.30"]
[Round "6"]
[White "Samworth Calvier, Juju"]
[Black "Sandercock, E Barry"]
[Result "0-1"]
[WhiteElo "1564"]
[BlackElo "1711"]
[PlyCount "92"]
[EventDate "2016.05.27"]
[EventType "swiss"]
[EventRounds "7"]
[EventCountry "ENG"]
[SourceTitle "EXT 2019"]
[Source "ChessBase"]
[SourceDate "2018.10.10"]
[SourceVersion "1"]
[SourceVersionDate "2018.10.10"]
[SourceQuality "1"]

1. e4 c5 2. Nc3 Nc6 3. g3 d6 4. Bg2 g6 5. Nge2 Bg7 6. d3 Nf6 7. 0-0 Bd7 8. f4 Qc8 9. Be3 Ng4 10. Qd2 Nxe3 11. Qxe3 Bd4 12. Nxd4 cxd4 13. Qf3 dxc3 14. bxc3 Bg4 15. Qf2 Bh3 16. f5 Bxg2 17. Kxg2 f6 18. c4 Ne5 19. Qd2 g5 20. Qb4 Ng4 21. Rfe1 Qc5 22. Qa4+ Qc6 23. Qb4 Kf7 24. Re2 h5 25. d4 Qb6 26. Qc3 Qc6 27. h3 Nh6 28. Kh2 Rac8 29. c5 dxc5 30. Qc4+ Kg7 31. d5 Qa6 32. Qxa6 bxa6 33. e5 Nxf5 34. exf6+ exf6 35. c4 Rhe8 36. Rae1 Rxe2+ 37. Rxe2 Kf7 38. Re6 a5 39. Ra6 Rc7 40. Rxa5 Nd6 41. Ra4 f5 42. h4 g4 43. Kg2 Kf6 44. Kf2 Ke5 45. Ke3 Rf7 46. Ra5 Nxc4+ 0-1

[Event "Crawley e2e4 Gatwick op U1850"]
[Site "Crawley"]
[Date "2016.05.28"]
[Round "3"]
[White "Sandercock, E Barry"]
[Black "Stone, Mark R"]
[Result "1-0"]
[WhiteElo "1711"]
[BlackElo "1589"]
[PlyCount "129"]
[EventDate "2016.05.27"]
[EventType "swiss"]
[EventRounds "7"]
[EventCountry "ENG"]
[SourceTitle "EXT 2019"]
[Source "ChessBase"]
[SourceDate "2018.10.10"]
[SourceVersion "1"]
[SourceVersionDate "2018.10.10"]
[SourceQuality "1"]

1. Nf3 Nf6 2. d3 d5 3. Nbd2 c5 4. g3 Nc6 5. Bg2 e5 6. e4 d4 7. 0-0 Bg4 8. h3 Bxf3 9. Nxf3 Be7 10. Qe2 0-0 11. Nh4 Ne8 12. Nf5 Bf6 13. f4 g6 14. Nh6+ Kh8 15. fxe5 Nxe5 16. Bf4 Qe7 17. Rf2 Nd6 18. Raf1 Bg7 19. Ng4 Nxg4 20. Qxg4 Kg8 21. h4 h5 22. Qe2 Rae8 23. Qd2 b6 24. a4 Qe6 25. Kh2 f6 26. Bh3 Qe7 27. b4 Nf7 28. bxc5 bxc5 29. Qa5 Ne5 30. Rb1 Rb8 31. Rff1 Kh7 32. Rb5 Rxb5 33. Qxb5 g5 34. Bf5+ Kh8 35. Bc1 gxh4 36. gxh4 Ng4+ 37. Kh3 Bh6 38. Qd7 Qxd7 39. Bxd7 Bxc1 40. Rxc1 Ne3 41. a5 Rg8 42. Ba4 Rg2 43. a6 Rf2 44. Kg3 Rg2+ 45. Kf3 Rh2 46. Rb1 Rh3+ 47. Kf2 Ng4+ 48. Kg2 Rh2+ 49. Kg3 Re2 50. Rb8+ Kg7 51. Rb7+ Kg6 52. Rxa7 Ne3 53. Rc7 Nxc2 54. a7 Re3+ 55. Kf4 Ne1 56. Be8+ Kh6 57. Kf5 Rf3+ 58. Ke6 Nxd3 59. a8Q Nf4+ 60. Kd7 d3 61. Qc6 Ng6 62. Bxg6 d2 63. Qd6 Kxg6 64. Qxd2 c4 65. Qg2+ 1-0

[Event "BCF-ch U140"]
[Site "Coventry"]
[Date "2015.07.30"]
[Round "4"]
[White "Sandercock, E Barry"]
[Black "Marks, Robert"]
[Result "1-0"]
[WhiteElo "1710"]
[BlackElo "122"]
[PlyCount "111"]
[EventDate "2015.07.27"]
[EventType "swiss"]
[EventRounds "5"]
[EventCountry "ENG"]
[SourceTitle "EXT 2016"]
[Source "ChessBase"]
[SourceDate "2015.10.08"]
[SourceVersion "1"]
[SourceVersionDate "2015.10.08"]
[SourceQuality "1"]

1. Nf3 Nf6 2. d3 g6 3. e4 d6 4. g3 Bg7 5. Bg2 c6 6. 0-0 Nbd7 7. Re1 Qc7 8. c3 b6 9. Nbd2 Bb7 10. Nf1 0-0 11. h4 c5 12. Ne3 b5 13. a4 a6 14. Bd2 c4 15. Nd5 Nxd5 16. exd5 Nf6 17. dxc4 bxc4 18. Bg5 Nxd5 19. Qd2 Rfe8 20. Bh6 Nf6 21. Bxg7 Kxg7 22. Nd4 Rab8 23. Rab1 Qd7 24. a5 e5 25. Nf3 Be4 26. Rbd1 Qb7 27. Re3 Red8 28. h5 Qxb2 29. Qxb2 Rxb2 30. Nxe5 Bxg2 31. Kxg2 Ra2 32. hxg6 hxg6 33. Nxc4 d5 34. Rd2 Ra4 35. Ne5 Rd6 36. f4 Ne4 37. Rdd3 Ra2+ 38. Kg1 Rxa5 39. Rxe4 Ra1+ 40. Kf2 Ra2+ 41. Re2 Ra4 42. Red2 f6 43. Nf3 Ra3 44. c4 Rxd3 45. Rxd3 a5 46. Rxd5 Ra6 47. c5 a4 48. Rd6 Rxd6 49. cxd6 Kf7 50. Nd4 a3 51. Nc2 a2 52. Ke3 f5 53. Kd4 Ke6 54. Kc5 Kd7 55. Kd5 Ke8 56. Ke6 1-0

[Event "High Wycombe e2e4 Challengers op 05"]
[Site "High Wycombe"]
[Date "2014.05.11"]
[Round "5"]
[White "Sandercock, E Barry"]
[Black "Wilson, Matthew R"]
[Result "1-0"]
[WhiteElo "1727"]
[BlackElo "1804"]
[PlyCount "61"]
[EventDate "2014.05.09"]
[EventType "swiss"]
[EventRounds "5"]
[EventCountry "ENG"]
[SourceTitle "EXT 2015"]
[Source "ChessBase"]
[SourceDate "2014.11.20"]
[SourceVersion "1"]
[SourceVersionDate "2014.11.20"]
[SourceQuality "1"]

1. Nf3 Nf6 2. d4 e6 3. Bf4 c5 4. e3 Qb6 5. Qc1 Nc6 6. c3 Nh5 7. Bg5 h6 8. Bh4 g5 9. Bg3 Nxg3 10. hxg3 Bg7 11. Nbd2 d5 12. Be2 0-0 13. Qc2 Bd7 14. Nxg5 f5 15. Ngf3 Rac8 16. Qb3 Qxb3 17. axb3 cxd4 18. exd4 a6 19. b4 Rfe8 20. Nb3 Rcd8 21. Nc5 Bc8 22. 0-0-0 b5 23. Kc2 e5 24. dxe5 Nxe5 25. Nxe5 Bxe5 26. Bf3 f4 27. Rxh6 Bf5+ 28. Kb3 fxg3 29. fxg3 Bxg3 30. Rh5 Bg6 31. Rg5 1-0

[Event "High Wycombe e2e4 Major op"]
[Site "High Wycombe"]
[Date "2014.05.09"]
[Round "1"]
[White "Sandercock, E Barry"]
[Black "Simpson, Derek"]
[Result "0-1"]
[WhiteElo "1727"]
[BlackElo "1573"]
[PlyCount "162"]
[EventDate "2014.05.09"]
[EventType "swiss"]
[EventRounds "5"]
[EventCountry "ENG"]
[SourceTitle "EXT 2015"]
[Source "ChessBase"]
[SourceDate "2014.11.20"]
[SourceVersion "1"]
[SourceVersionDate "2014.11.20"]
[SourceQuality "1"]

1. Nf3 d5 2. d4 e6 3. e3 Bd6 4. b3 Nd7 5. Bb2 c6 6. Ne5 Ngf6 7. Bd3 0-0 8. Nd2 Ne8 9. Qg4 f5 10. Qe2 Nef6 11. 0-0 Ne4 12. c4 Nxe5 13. dxe5 Nxd2 14. Qxd2 Bc5 15. Bd4 Bb6 16. c5 Bc7 17. Rfc1 Bd7 18. Rab1 b5 19. a4 a6 20. axb5 axb5 21. Ra1 Qb8 22. Rxa8 Qxa8 23. Ra1 Qb7 24. Qa2 Rb8 25. Qa7 Qc8 26. f3 Rb7 27. Qa6 Bb8 28. Qa8 Qc7 29. e4 fxe4 30. fxe4 Ra7 31. Rxa7 Qxa7 32. Qxa7 Bxa7 33. exd5 exd5 34. Kf2 Kf7 35. h4 g6 36. Kf3 Bb8 37. Kf4 h6 38. Bc3 Be8 39. g4 Ke6 40. g5 hxg5+ 41. Kxg5 Bxe5 42. Bxe5 Kxe5 43. Bxg6 Bxg6 44. Kxg6 d4 45. h5 d3 46. h6 d2 47. h7 d1Q 48. h8Q+ Kf4 49. Qf6+ Ke3 50. Qe6+ Kf4 51. Qf5+ Kg3 52. Qg5+ Kf2 53. Qf4+ Kg1 54. Qe3+ Kf1 55. Kf6 Qd8+ 56. Qe7 Qd4+ 57. Qe5 Qd8+ 58. Ke6 Qe8+ 59. Kd6 Qb8+ 60. Ke6 Qe8+ 61. Kf5 Qh5+ 62. Ke4 Qe2+ 63. Kf4 Qf2+ 64. Kg5 Qd2+ 65. Qf4+ Ke2 66. Kf5 Qd7+ 67. Kg5 Qe7+ 68. Kg4 Qxc5 69. Qf3+ Kd2 70. Qg2+ Kc3 71. Qf3+ Kb4 72. Qd3 Qc3 73. Qd6+ Kxb3 74. Qb8 Qd4+ 75. Kf3 Qd5+ 76. Ke3 Qe6+ 77. Kd2 Qd7+ 78. Ke2 c5 79. Qg3+ Kb4 80. Qf4+ Qd4 81. Qc1 Qc4+ 0-1

[Event "Coventry e2e4 U1950 op"]
[Site "Coventry"]
[Date "2013.08.24"]
[Round "2"]
[White "Sandercock, E Barry"]
[Black "Potter, Karl"]
[Result "1/2-1/2"]
[WhiteElo "1738"]
[BlackElo "1915"]
[PlyCount "63"]
[EventDate "2013.08.23"]
[EventType "swiss"]
[EventRounds "7"]
[EventCountry "ENG"]
[SourceTitle "EXT 2015"]
[Source "ChessBase"]
[SourceDate "2014.11.20"]
[SourceVersion "1"]
[SourceVersionDate "2014.11.20"]
[SourceQuality "1"]

1. Nf3 d5 2. d4 e6 3. e3 Nf6 4. Bd3 c5 5. b3 Nc6 6. Bb2 Bd6 7. Ne5 cxd4 8. exd4 Bd7 9. Nd2 Nb4 10. Be2 Rc8 11. c4 dxc4 12. bxc4 Bc6 13. a3 Na6 14. Nxc6 Rxc6 15. c5 Bb8 16. Bb5 Qd5 17. Qf3 0-0 18. Bxc6 bxc6 19. Qxd5 Nxd5 20. 0-0 Bf4 21. Nc4 Rb8 22. g3 Bc7 23. f4 h6 24. Rf2 Rb3 25. Kg2 Nb8 26. Rf3 Rb5 27. Rd1 a5 28. Rdd3 a4 29. Bc1 Rb1 30. Bd2 Rb5 31. Bc1 Rb1 32. Bd2 1/2-1/2

[Event "British-ch 5-day op AM Week 1"]
[Site "Torquay"]
[Date "2013.08.01"]
[Round "4.16"]
[White "Cresswell, Mike J"]
[Black "Sandercock, E Barry"]
[Result "0-1"]
[WhiteElo "1795"]
[BlackElo "1748"]
[PlyCount "60"]
[EventDate "2013.07.29"]
[EventType "swiss"]
[EventRounds "5"]
[EventCountry "ENG"]
[SourceTitle "EXT 2023"]
[Source "ChessBase"]
[SourceDate "2022.10.05"]
[SourceVersion "1"]
[SourceVersionDate "2022.10.05"]
[SourceQuality "1"]

1. e4 c5 2. Nf3 e6 3. d4 cxd4 4. Nxd4 Nf6 5. Nd2 d6 6. Bd3 Nc6 7. c3 Be7 8. 0-0 0-0 9. h3 Bd7 10. N4f3 Rc8 11. Nc4 b5 12. Ne3 a6 13. Ng4 Nxg4 14. hxg4 e5 15. Nh2 Be6 16. f4 exf4 17. Bxf4 Ne5 18. Be2 Nc4 19. b3 Ne5 20. Qe1 Qb6+ 21. Kh1 Qc6 22. Bxe5 dxe5 23. c4 bxc4 24. Bxc4 Bxc4 25. Rc1 Qe6 26. bxc4 Rxc4 27. Qe3 Rxc1 28. Rxc1 Qxa2 29. Nf3 Qe6 30. Qa7 Qh6+ 0-1

[Event "Hinckley e2e4 Major op"]
[Site "Hinckley Island"]
[Date "2012.08.25"]
[Round "2"]
[White "Jazdzewski, Daniel"]
[Black "Sandercock, E Barry"]
[Result "1/2-1/2"]
[WhiteElo "1878"]
[BlackElo "1716"]
[PlyCount "43"]
[EventDate "2012.08.24"]
[EventType "swiss"]
[EventRounds "7"]
[EventCountry "ENG"]
[SourceTitle "EXT 2014"]
[Source "ChessBase"]
[SourceDate "2013.11.20"]
[SourceVersion "1"]
[SourceVersionDate "2013.11.20"]
[SourceQuality "1"]

1. Nf3 f5 2. b3 e6 3. Bb2 Nf6 4. e3 Be7 5. Nc3 0-0 6. d4 d5 7. Ne5 Nbd7 8. Nxd7 Bxd7 9. Bd3 c6 10. Qe2 Ne4 11. Bxe4 fxe4 12. 0-0 Bd6 13. f3 exf3 14. Rxf3 Rf5 15. Raf1 Qc7 16. g3 Rxf3 17. Rxf3 e5 18. dxe5 Bxe5 19. Qd3 Be6 20. Na4 Bxb2 21. Nxb2 Qe5 22. Qd4 1/2-1/2

[Event "Hinckley e2e4 Major op"]
[Site "Hinckley Island"]
[Date "2012.08.25"]
[Round "3"]
[White "Sandercock, E Barry"]
[Black "Jacob, Sydney J"]
[Result "0-1"]
[WhiteElo "1716"]
[BlackElo "1875"]
[PlyCount "140"]
[EventDate "2012.08.24"]
[EventType "swiss"]
[EventRounds "7"]
[EventCountry "ENG"]
[SourceTitle "EXT 2014"]
[Source "ChessBase"]
[SourceDate "2013.11.20"]
[SourceVersion "1"]
[SourceVersionDate "2013.11.20"]
[SourceQuality "1"]

1. Nf3 Nf6 2. d4 g6 3. e3 Bg7 4. Be2 0-0 5. 0-0 d6 6. b3 c6 7. Bb2 Qc7 8. c4 Bg4 9. h3 Bxf3 10. Bxf3 e5 11. e4 Nbd7 12. Nd2 Rfe8 13. d5 Nc5 14. Qc2 a5 15. Rad1 cxd5 16. cxd5 Rac8 17. Bg4 Ncxe4 18. Qxc7 Rxc7 19. Nc4 b5 20. Ne3 Bh6 21. Rfe1 Bxe3 22. Rxe3 Nxg4 23. Rxe4 Nf6 24. Re2 Rec8 25. f4 Rc2 26. Rde1 Nxd5 27. fxe5 dxe5 28. Bxe5 f6 29. Bd4 Nf4 30. Rxc2 Rxc2 31. Bxf6 Rxg2+ 32. Kh1 Rxa2 33. h4 a4 34. Bg5 Nh3 35. bxa4 Nxg5 36. hxg5 bxa4 37. Re8+ Kf7 38. Ra8 Ke6 39. Ra5 a3 40. Kg1 Ra1+ 41. Kf2 a2 42. Kg2 Kd6 43. Ra7 Kc5 44. Ra8 Kd4 45. Ra7 Ke4 46. Kh2 Kf4 47. Ra5 Kg4 48. Kg2 Kh5 49. Kh2 Rf1 50. Rxa2 Kxg5 51. Kg2 Rf4 52. Kg3 h5 53. Ra5+ Rf5 54. Ra4 Rb5 55. Ra6 h4+ 56. Kh3 Rb3+ 57. Kh2 Kh5 58. Kg2 g5 59. Ra5 h3+ 60. Kh2 Kh4 61. Ra4+ g4 62. Rc4 Rb2+ 63. Kh1 Rf2 64. Rd4 Kg3 65. Rd1 Ra2 66. Kg1 h2+ 67. Kh1 Kf3 68. Rd2 Ra1+ 69. Kxh2 g3+ 70. Kh3 Rh1+ 0-1

[Event "London e2e4 Diamond Jubilee op-B"]
[Site "London"]
[Date "2012.06.04"]
[Round "4"]
[White "Probert, Malcolm"]
[Black "Sandercock, E Barry"]
[Result "1/2-1/2"]
[WhiteElo "1583"]
[BlackElo "1740"]
[PlyCount "31"]
[EventDate "2012.06.02"]
[EventType "swiss"]
[EventRounds "7"]
[EventCountry "ENG"]
[SourceTitle "EXT 2014"]
[Source "ChessBase"]
[SourceDate "2013.11.20"]
[SourceVersion "1"]
[SourceVersionDate "2013.11.20"]
[SourceQuality "1"]

1. Nf3 f5 2. g3 Nf6 3. Bg2 e6 4. d4 d5 5. c4 c6 6. 0-0 Be7 7. b3 0-0 8. Ba3 Bxa3 9. Nxa3 Bd7 10. Nc2 a5 11. Nce1 Ne4 12. Nd3 Qf6 13. Nde5 Be8 14. Nd2 Nxd2 15. Qxd2 Nd7 16. f4 1/2-1/2